<?xml version="1.0" encoding="UTF-8"?>
<record
    xmlns:xsi="http://www.w3.org/2001/XMLSchema-instance"
    xsi:schemaLocation="http://www.loc.gov/MARC21/slim http://www.loc.gov/standards/marcxml/schema/MARC21slim.xsd"
    xmlns="http://www.loc.gov/MARC21/slim">

  <leader>01049nam a2200313 i 4500</leader>
  <controlfield tag="005">20220317000135.0</controlfield>
  <controlfield tag="007">ta</controlfield>
  <controlfield tag="008">200417s2007    ck     gr     000 p spa d</controlfield>
  <datafield tag="020" ind1=" " ind2=" ">
    <subfield code="a">958380102X</subfield>
  </datafield>
  <datafield tag="040" ind1=" " ind2=" ">
    <subfield code="a">CO-BoRNBP</subfield>
    <subfield code="b">spa</subfield>
    <subfield code="e">rda</subfield>
    <subfield code="c">CO-BoRNBP</subfield>
  </datafield>
  <datafield tag="041" ind1="0" ind2=" ">
    <subfield code="a">spa</subfield>
  </datafield>
  <datafield tag="043" ind1=" " ind2=" ">
    <subfield code="a">s-ck---</subfield>
  </datafield>
  <datafield tag="084" ind1=" " ind2=" ">
    <subfield code="a">P ROC4</subfield>
  </datafield>
  <datafield tag="100" ind1="1" ind2=" ">
    <subfield code="a">Roca, Juan Manuel</subfield>
    <subfield code="d">1946-</subfield>
    <subfield code="e">autor</subfield>
  </datafield>
  <datafield tag="245" ind1="1" ind2="0">
    <subfield code="a">Cantar de lejan&#xED;a : antolog&#xED;a personal</subfield>
    <subfield code="c">Juan Manuel Roca ; pr&#xF3;logo de Gonzalo Rojas ; ep&#xED;logo de Manuel Borr&#xE1;s</subfield>
  </datafield>
  <datafield tag="250" ind1=" " ind2=" ">
    <subfield code="a">Primera edici&#xF3;n</subfield>
  </datafield>
  <datafield tag="264" ind1=" " ind2="1">
    <subfield code="a">Bogot&#xE1;</subfield>
    <subfield code="b">Fondo de Cultura Econ&#xF3;mica</subfield>
    <subfield code="c">2007</subfield>
  </datafield>
  <datafield tag="300" ind1=" " ind2=" ">
    <subfield code="a">279 p&#xE1;ginas</subfield>
    <subfield code="c">21 cm</subfield>
  </datafield>
  <datafield tag="336" ind1=" " ind2=" ">
    <subfield code="a">texto</subfield>
    <subfield code="b">txt</subfield>
    <subfield code="2">rdacontent</subfield>
  </datafield>
  <datafield tag="337" ind1=" " ind2=" ">
    <subfield code="a">sin mediaci&#xF3;n</subfield>
    <subfield code="b">n</subfield>
    <subfield code="2">rdamedia</subfield>
  </datafield>
  <datafield tag="338" ind1=" " ind2=" ">
    <subfield code="a">volumen</subfield>
    <subfield code="b">nc</subfield>
    <subfield code="2">rdacarrier</subfield>
  </datafield>
  <datafield tag="650" ind1="1" ind2="7">
    <subfield code="a">Poes&#xED;a colombiana</subfield>
    <subfield code="y">Siglo XX</subfield>
    <subfield code="2">ARMARC</subfield>
  </datafield>
  <datafield tag="650" ind1="1" ind2="7">
    <subfield code="a">Literatura colombiana</subfield>
    <subfield code="y">Siglo XX</subfield>
    <subfield code="2">ARMARC</subfield>
  </datafield>
  <datafield tag="650" ind1="1" ind2="7">
    <subfield code="a">Amor</subfield>
    <subfield code="v">Poes&#xED;a</subfield>
    <subfield code="2">ARMARC</subfield>
  </datafield>
  <datafield tag="650" ind1="1" ind2="7">
    <subfield code="a">Vida cotidiana</subfield>
    <subfield code="v">Poes&#xED;a</subfield>
    <subfield code="2">LEMB</subfield>
  </datafield>
  <datafield tag="700" ind1="1" ind2=" ">
    <subfield code="a">Rojas, Gonzalo</subfield>
    <subfield code="d">1917-</subfield>
    <subfield code="e">prologuista</subfield>
    <subfield code="9">17384</subfield>
  </datafield>
  <datafield tag="700" ind1="1" ind2=" ">
    <subfield code="a">Borr&#xE1;s, Manuel</subfield>
    <subfield code="e">ep&#xED;logo</subfield>
    <subfield code="9">94522</subfield>
  </datafield>
  <datafield tag="942" ind1=" " ind2=" ">
    <subfield code="2">loc</subfield>
    <subfield code="c">BKLIT</subfield>
  </datafield>
  <datafield tag="999" ind1=" " ind2=" ">
    <subfield code="c">3206</subfield>
    <subfield code="d">3206</subfield>
  </datafield>
  <datafield tag="952" ind1=" " ind2=" ">
    <subfield code="0">0</subfield>
    <subfield code="1">0</subfield>
    <subfield code="2">ddc</subfield>
    <subfield code="4">0</subfield>
    <subfield code="7">0</subfield>
    <subfield code="8">GEN</subfield>
    <subfield code="a">MEMAPIRI</subfield>
    <subfield code="b">MEMAPIRI</subfield>
    <subfield code="c">LIT</subfield>
    <subfield code="d">2024-01-16</subfield>
    <subfield code="l">0</subfield>
    <subfield code="o">P ROC4</subfield>
    <subfield code="p">MAP00002520</subfield>
    <subfield code="r">2024-01-16 14:59:39</subfield>
    <subfield code="t">Ej.1</subfield>
    <subfield code="w">2024-01-16</subfield>
    <subfield code="y">BKLIT</subfield>
  </datafield>
  <datafield tag="952" ind1=" " ind2=" ">
    <subfield code="0">0</subfield>
    <subfield code="1">0</subfield>
    <subfield code="2">ddc</subfield>
    <subfield code="4">0</subfield>
    <subfield code="7">0</subfield>
    <subfield code="a">MEVHERMO</subfield>
    <subfield code="b">MEVHERMO</subfield>
    <subfield code="d">2025-05-14</subfield>
    <subfield code="k">P  ROC4</subfield>
    <subfield code="l">0</subfield>
    <subfield code="o">P ROC4</subfield>
    <subfield code="p">VIST   0002049</subfield>
    <subfield code="r">2025-05-14 16:19:06</subfield>
    <subfield code="t">Ej.1</subfield>
    <subfield code="w">2025-05-14</subfield>
    <subfield code="y">BKLIT</subfield>
  </datafield>
  <datafield tag="952" ind1=" " ind2=" ">
    <subfield code="0">0</subfield>
    <subfield code="1">0</subfield>
    <subfield code="2">ddc</subfield>
    <subfield code="4">0</subfield>
    <subfield code="7">0</subfield>
    <subfield code="8">012</subfield>
    <subfield code="a">MEGRANAD</subfield>
    <subfield code="b">MEGRANAD</subfield>
    <subfield code="c">LIT</subfield>
    <subfield code="d">2026-03-10</subfield>
    <subfield code="e">BIBLIOTECA NACIONAL</subfield>
    <subfield code="l">0</subfield>
    <subfield code="o">P ROC4</subfield>
    <subfield code="p">GRDA02200</subfield>
    <subfield code="r">2026-03-10 14:59:00</subfield>
    <subfield code="t">Ej.1</subfield>
    <subfield code="w">2026-03-10</subfield>
    <subfield code="y">BKLIT</subfield>
  </datafield>
</record>
